Soft surfaces : (Record no. 352502)

000 -LEADER
fixed length control field 00848 a2200241 4500
003 - CONTROL NUMBER IDENTIFIER
control field OSt
005 - DATE AND TIME OF LATEST TRANSACTION
control field 20180116192337.0
008 - FIXED-LENGTH DATA ELEMENTS--GENERAL INFORMATION
fixed length control field 120524t xxu||||| |||| 00| 0 eng d
010 ## - LIBRARY OF CONGRESS CONTROL NUMBER
LC control number 99026486
020 ## - INTERNATIONAL STANDARD BOOK NUMBER
International Standard Book Number 0393730336
040 ## - CATALOGING SOURCE
Transcribing agency 0
082 00 - DEWEY DECIMAL CLASSIFICATION NUMBER
Classification number 746.0222
100 1# - MAIN ENTRY--PERSONAL NAME
Personal name Juracek, Judy A.
9 (RLIN) 1840
245 10 - TITLE STATEMENT
Title Soft surfaces :
Remainder of title visual research for artists, architects, and designers /
Statement of responsibility, etc. Judy A. Juracek.
250 ## - EDITION STATEMENT
Edition statement 1st ed.
260 ## - PUBLICATION, DISTRIBUTION, ETC.
Place of publication, distribution, etc. New York :
Name of publisher, distributor, etc. W.W. Norton,
Date of publication, distribution, etc. c2000.
300 ## - PHYSICAL DESCRIPTION
Extent 335 p. :
Other physical details ill. (chiefly col.) ;
Dimensions 29 cm. +
Accompanying material 1 computer laser optical disc (4 3/4 in.)
500 ## - GENERAL NOTE
General note Includes bibliographical refrences and index
650 #0 - SUBJECT ADDED ENTRY--TOPICAL TERM
Topical term or geographic name entry element Textile fabrics
9 (RLIN) 1841
650 #0 - SUBJECT ADDED ENTRY--TOPICAL TERM
Topical term or geographic name entry element Textile fabrics in interior decoration
9 (RLIN) 1842
942 ## - ADDED ENTRY ELEMENTS (KOHA)
Institution code [OBSOLETE] SADA
Koha item type Book
Call number prefix 746.0222 JUR 2000
Source of classification or shelving scheme
Holdings
Withdrawn status Lost status Source of classification or shelving scheme Damaged status Not for loan Permanent Location Current Location Date acquired Total Checkouts Full call number Barcode Date last seen Cost, replacement price Price effective from Koha item type Copy number
          School of Art Design and Architecture (SADA) School of Art Design and Architecture (SADA) 02/02/2011   746.0222 JUR 2000 SADA0000569 08/05/2011 6278.00 08/05/2011 Book  
          School of Art Design and Architecture (SADA) School of Art Design and Architecture (SADA) 09/20/2011   CD 746.0222 JUR 2000 SADA0001580 09/21/2011   09/21/2011   01
          School of Art Design and Architecture (SADA) School of Art Design and Architecture (SADA) 09/20/2011   CD 746.0222 JUR 2000 SADA0001581 09/21/2011   09/21/2011   02
© 2023 Central Library, National University of Sciences and Technology. All Rights Reserved.